American vistas / (Record no. 28085)
[ view plain ]
| 000 -LEADER | |
|---|---|
| fixed length control field | 00901nam a2200289 a 4500 |
| 001 - CONTROL NUMBER | |
| control field | 28085 |
| 003 - CONTROL NUMBER IDENTIFIER | |
| rucl marc code | BD-RjUL |
| 005 - DATE AND TIME OF LATEST TRANSACTION | |
| control field | 20211209051234.0 |
| 008 - FIXED-LENGTH DATA ELEMENTS--GENERAL INFORMATION | |
| fixed length control field | 140329s1979 nyu b 000 0 eng |
| 020 ## - INTERNATIONAL STANDARD BOOK NUMBER | |
| International Standard Book Number | 0195024680 (v. 1) : |
| International Standard Book Number | 0195024699 (v. 2) : |
| 035 ## - SYSTEM CONTROL NUMBER | |
| System control number | (BD-RjUL)28166 |
| 040 ## - CATALOGING SOURCE | |
| Original cataloging agency | LC |
| Language of cataloging | eng |
| Transcribing agency | LC |
| Modifying agency | LC |
| -- | BD-RjUL |
| 041 ## - LANGUAGE CODE | |
| Language code of text/sound track or separate title | eng |
| 082 04 - DEWEY DECIMAL CLASSIFICATION NUMBER | |
| Classification number | 973 |
| Author mark and year | AME V-2 1979 |
| 245 10 - TITLE STATEMENT | |
| Title | American vistas / |
| Statement of responsibility, etc. | edited by Leonard Dinnerstein and Kenneth T. Jackson. |
| Number of part/section of a work | Volume 2 : |
| Name of part/section of a work | 1877 to the present. |
| 250 ## - EDITION STATEMENT | |
| Edition statement | 3d ed. |
| 260 ## - PUBLICATION, DISTRIBUTION, ETC. (IMPRINT) | |
| Place of publication, distribution, etc. | New York : |
| Name of publisher, distributor, etc. | Oxford University Press, |
| Date of publication, distribution, etc. | 1979. |
| 300 ## - PHYSICAL DESCRIPTION | |
| Pagination | vii, 422 p. ; |
| Size | 21 cm. |
| 504 ## - BIBLIOGRAPHY, ETC. NOTE | |
| Bibliography, etc | Includes bibliographical references. |
| 651 #0 - SUBJECT ADDED ENTRY--GEOGRAPHIC NAME | |
| Geographic name | United States |
| General subdivision | History. |
| 9 (RLIN) | 86101 |
| 700 1# - ADDED ENTRY--PERSONAL NAME | |
| Personal name | Dinnerstein, Leonard, |
| Personal name | Jackson, Kenneth T, |
| Relator term | joint comp. |
| 942 ## - ADDED ENTRY ELEMENTS (KOHA) | |
| Source of classification or shelving scheme | Dewey Decimal Classification |
| Koha item type | Books |
| Lost status | Source of classification or shelving scheme | Damaged status | Not for loan | Collection code | Permanent Location | Current Location | Shelving location | Date acquired | Source of acquisition | Total Checkouts | Full call number | Date last seen | Copy number | Koha item type |
|---|---|---|---|---|---|---|---|---|---|---|---|---|---|---|
| Dewey Decimal Classification | Added to bundle | Non-fiction | Central Library, University of Rajshahi | Central Library, University of Rajshahi | Reading Room | 31/07/1985 | Asia Foundation, Gift. | 973 AME V-2 1979 | 29/03/2014 | C-1 | Books |